000 00528nam a2200181 a 4500
001 000009790
005 20240412074213.0
008 091001s1990 dr a 000 p spa d
040 _aDO-SdBNP
082 _aRD861.44
_bC389f
100 1 _aCedeño y Pecunia, Marina
_924697
245 1 0 _aFruto de mis raíces /
_cMarina Cedeño y Pecunia.
260 _aSanto Domingo :
_bEditorial Gente,
_c1990.
300 _a33 p. :
_bil. ;
_c21 cm.
650 0 _aPoesía dominicana
_966
650 0 _aLiteratura dominicana.
_967
049 _aBNPD
999 _c9549
_d9549